000
00298nam a22001337a 4500
008
181029b xxu||||| |||| 00| 0 eng d
020
_a
0323015859
041
_a
eng
080
_a
610-053.2
100
_a
8
101
_a
PED
245
_a
Year Book of Pediatrics
_c
Stockman, J.A
942
_2
udc
_c
BK
999
_c
51059
_d
51059